000 01042cam a22003134a 4500
005 20260322212055.0
008 data
010 _a 99019053
020 _a0071342575 (pbk.)
020 _a9780071342575 (pbk.)
040 _aDLC
_cDLC
_dDLC
042 _apcc
050 0 0 _aHF5383
_b.B533 1999
082 0 0 _a808/.06665
_221
092 _a808.06 B533 1999
100 1 _aBlock, Jay A.
245 1 0 _a101 best cover letters /
_cJay A. Block & Michael Betrus.
246 3 _aOne hundred one best cover letters
246 3 _aOne hundred and one best cover letters
260 _aNew York :
_bMcGraw-Hill,
_cc1999.
300 _aix, 223 p. ;
_c28 cm.
500 _aIncludes index.
650 0 _aCover letters
700 1 _aBetrus, Michael.
856 4 2 _3Contributor biographical information
_uhttp://www.loc.gov/catdir/bios/mh041/99019053.html
856 4 2 _3Publisher description
_uhttp://www.loc.gov/catdir/description/mh023/99019053.html
856 4 1 _3Table of contents
_uhttp://www.loc.gov/catdir/toc/mh023/99019053.html
001 data
999 _c1317
_d1317